3 letter words ending in 'G' with clues: - Statistics

General Stats
  • This quiz has been taken 75 times
  • The average score is 24 of 38
Answer Stats
Hint Answer % Correct
Canine friend Dog
98%
Not little Big
96%
1st .... the Chicken or the ? Egg
93%
Much like a cuddle Hug
89%
A wooly carpet Rug
89%
Not quite a run Jog
87%
Thick mist Fog
83%
Use a spade Dig
81%
Bigger than a cup Mug
81%
The tail goes to and fro Wag
81%
Vuitton, Gucci, Chanel "Hand***" Bag
80%
We used the spade Dug
80%
Stand on one Leg
78%
Mire or marsh Bog
76%
Adams clothing leaf Fig
76%
Fail to keep up Lag
74%
Pull a little boat Tug
74%
Irish dance Jig
72%
Insect, flea, might, midge etc. Bug
70%
Machine part of a gear Cog
69%
A small barrel Keg
69%
Droop Sag
69%
Label Tag
69%
A lipped container for milk Jug
67%
Cloth or Newspaper Rag
67%
A witch or crone Hag
61%
Prevent from speaking Gag
56%
Set up a boats lines and sails Rig
56%
Spare a penny for an ex leper Beg
43%
Clothes **G (hang up) Peg
43%
Found in a poke Pig
43%
Like a little bulldog Pug
43%
In a sty or in the road Hog
31%
A two wheeled carriage Gig
17%
Talk the hind leg off a horse Nag
17%
Goes to one's head Wig
17%
Part of a tree branch Log
15%
Kid's game Tig
15%
No matching quizzes found
Score Distribution
Percent of People with Each Score
Percentile by Number Answered
Your Score History
You have not taken this quiz